[Event "Lvov Ukrainian Chess Warriors"]
[Site "Lvov"]
[Date "2024.03.15"]
[Round "6"]
[White "Andriienko, Artom"]
[Black "Ivanov, Taras"]
[Result "1/2-1/2"]
[WhiteElo "1961"]
[BlackElo "1831"]
[PlyCount "105"]
[EventDate "2024.03.15"]
[EventType "swiss (rapid)"]
[EventRounds "8"]
[EventCountry "UKR"]
[SourceTitle "CB12_2024"]
[SourceDate "2023.10.01"]
[SourceVersion "1"]
[SourceVersionDate "2023.10.01"]
[SourceQuality "1"]

1. c4 e6 2. g3 d5 3. Bg2 Nf6 4. Nf3 Be7 5. 0-0 0-0 6. d4 dxc4 7. Qc2 Bd7 8. a4 Bc6 9. Nbd2 Nbd7 10. Nxc4 Be4 11. Qc3 Nb6 12. Nfd2 Bxg2 13. Kxg2 c5 14. dxc5 Bxc5 15. Nxb6 Bxb6 16. Qf3 Qd5 17. Qxd5 Nxd5 18. Nc4 Bd4 19. Rd1 Bf6 20. e4 Nb6 21. Nd6 Rfd8 22. Ra3 Be5 23. Rad3 Bxd6 24. Rxd6 Rxd6 25. Rxd6 Nxa4 26. b4 Nb6 27. h4 Kf8 28. h5 Ke7 29. Rd2 g6 30. hxg6 hxg6 31. b5 a6 32. bxa6 bxa6 33. Rb2 Nd7 34. Rb7 Kd6 35. Bf4+ e5 36. Be3 a5 37. f4 Kc6 38. Rb1 exf4 39. gxf4 a4 40. Rc1+ Kd6 41. Rd1+ Ke6 42. f5+ gxf5 43. exf5+ Ke7 44. Bg5+ f6 45. Bf4 a3 46. Bd6+ Ke8 47. Re1+ Kd8 48. Rh1 Kc8 49. Rc1+ Kd8 50. Rh1 Kc8 51. Rh8+ Kb7 52. Rxa8 Kxa8 53. Bxa3 1/2-1/2

[Event "Lvov Ukrainian Chess Warriors"]
[Site "Lvov"]
[Date "2024.03.15"]
[Round "3"]
[White "Smotrov, Pavlo"]
[Black "Andriienko, Artom"]
[Result "0-1"]
[WhiteElo "1646"]
[BlackElo "1961"]
[PlyCount "54"]
[EventDate "2024.03.15"]
[EventType "swiss (rapid)"]
[EventRounds "8"]
[EventCountry "UKR"]
[SourceTitle "CB12_2024"]
[SourceDate "2023.10.01"]
[SourceVersion "1"]
[SourceVersionDate "2023.10.01"]
[SourceQuality "1"]

1. d4 Nf6 2. c4 e6 3. Nc3 Bb4 4. Qc2 c5 5. a3 Bxc3+ 6. Qxc3 cxd4 7. Qxd4 Nc6 8. Qc3 0-0 9. f3 d5 10. cxd5 exd5 11. Bg5 d4 12. Qd2 h6 13. Bh4 Re8 14. Nh3 Bxh3 15. gxh3 g5 16. Rg1 Kf8 17. Bg3 Nd5 18. Bg2 Ne3 19. Kf2 d3 20. Qxd3 Qb6 21. Bd6+ Kg8 22. b4 Ng4+ 23. Kg3 Qf2+ 24. Kxg4 Qh4+ 25. Kf5 Re5+ 26. Bxe5 Ne7+ 27. Kf6 g4# 0-1

[Event "Wch Disabilities 5th"]
[Site "Lublin"]
[Date "2023.08.25"]
[Round "7"]
[White "Arnedo Vigueras, Miguel"]
[Black "Andriienko, Artom"]
[Result "1/2-1/2"]
[WhiteElo "1565"]
[BlackElo "1878"]
[PlyCount "153"]
[EventDate "2023.08.19"]
[EventType "swiss"]
[EventRounds "9"]
[EventCountry "POL"]
[SourceTitle "CBM 215 Extra"]
[Source "ChessBase"]
[SourceDate "2023.09.30"]
[SourceVersion "1"]
[SourceVersionDate "2023.09.30"]
[SourceQuality "1"]

1. e4 c5 2. Nf3 d6 3. d4 cxd4 4. Nxd4 Nf6 5. Nc3 a6 6. Be2 e5 7. Nb3 Be6 8. Be3 Nbd7 9. f3 b5 10. Qd2 b4 11. Nd5 Bxd5 12. exd5 Nb6 13. Bg5 Be7 14. Bxf6 Bxf6 15. Na5 Qc7 16. Nc6 0-0 17. a3 e4 18. axb4 exf3 19. gxf3 Bxb2 20. Ra2 Bf6 21. Rg1 Rfe8 22. Kd1 Qd7 23. Bd3 g6 24. c4 Qh3 25. Qf4 Bg7 26. Rg3 Qh5 27. h4 Be5 28. Nxe5 Rxe5 29. Re2 a5 30. Rg5 Rxg5 31. hxg5 axb4 32. Bb1 Na4 33. Rh2 Nc3+ 34. Ke1 Re8+ 35. Kf1 Ne2 36. Rxe2 Qh1+ 37. Kf2 Rxe2+ 38. Kxe2 Qxb1 39. Qxd6 Qb2+ 40. Kd3 Qc3+ 41. Ke2 b3 42. Qd8+ Kg7 43. d6 Qxc4+ 44. Kf2 Qd4+ 45. Kg2 b2 46. d7 b1Q 47. Qf6+ Qxf6 48. gxf6+ Kh6 49. d8Q Kg5 50. Qd2+ Kh5 51. Qd5+ Kh4 52. Qd4+ Kg5 53. Qd2+ Kf5 54. Qd5+ Kxf6 55. Qd8+ Ke5 56. Qe7+ Kf4 57. Qxf7+ Qf5 58. Qxh7 Qg5+ 59. Kh1 Kxf3 60. Qb7+ Kf2 61. Qb2+ Kg3 62. Qg2+ Kh4 63. Qh2+ Kg4 64. Qe2+ Kf5 65. Qb5+ Kf6 66. Qb2+ Qe5 67. Qf2+ Kg7 68. Qa7+ Kh6 69. Qa8 g5 70. Qc6+ Kh5 71. Qf3+ g4 72. Qf7+ Kg5 73. Qg8+ Kf4 74. Qc4+ Kf5 75. Qf7+ Kg5 76. Qg8+ Kf4 77. Qc4+ 1/2-1/2

[Event "Wch Disabilities 5th"]
[Site "Lublin"]
[Date "2023.08.20"]
[Round "2"]
[White "Hawelko, Jan"]
[Black "Andriienko, Artom"]
[Result "0-1"]
[WhiteElo "1213"]
[BlackElo "1878"]
[PlyCount "66"]
[EventDate "2023.08.19"]
[EventType "swiss"]
[EventRounds "9"]
[EventCountry "POL"]
[SourceTitle "CBM 215 Extra"]
[Source "ChessBase"]
[SourceDate "2023.09.30"]
[SourceVersion "1"]
[SourceVersionDate "2023.09.30"]
[SourceQuality "1"]

1. c4 e5 2. Nc3 Nc6 3. Nf3 f5 4. d3 Bb4 5. g3 Nf6 6. Bg2 0-0 7. 0-0 Bxc3 8. bxc3 d6 9. Ne1 Qe8 10. Nc2 Qh5 11. f4 e4 12. Ne3 Be6 13. Ba3 Rfe8 14. Re1 Rad8 15. Qc2 Bf7 16. Rab1 exd3 17. exd3 Rxe3 18. Rxe3 Ng4 19. Bf3 Nxe3 20. Bxh5 Nxc2 21. Bxf7+ Kxf7 22. Bc1 Re8 23. Kf2 Ne1 24. Be3 Nxd3+ 25. Kf3 b6 26. Rb5 Na5 27. Rxf5+ Kg8 28. Bd4 c5 29. Bxg7 Kxg7 30. h4 Nxc4 31. Rg5+ Kf6 32. Kg4 Ne3+ 33. Kh5 Nf5 0-1

[Event "Kiev Malakhatko Memorial"]
[Site "Kiev"]
[Date "2023.07.15"]
[Round "5"]
[White "Andriienko, Artom"]
[Black "Chubar, Vladimir"]
[Result "1-0"]
[WhiteElo "1848"]
[BlackElo "1776"]
[PlyCount "80"]
[EventDate "2023.07.15"]
[EventType "tourn (blitz)"]
[EventRounds "15"]
[EventCountry "UKR"]
[SourceTitle "CBM 215 Extra"]
[Source "ChessBase"]
[SourceDate "2023.09.30"]
[SourceVersion "1"]
[SourceVersionDate "2023.09.30"]
[SourceQuality "1"]

1. d4 Nf6 2. c4 e6 3. g3 Bb4+ 4. Bd2 Qe7 5. Bg2 0-0 6. Nf3 d5 7. 0-0 Bxd2 8. Nbxd2 c6 9. Qc2 Nbd7 10. Rfe1 e5 11. e4 dxc4 12. Nxc4 exd4 13. Nxd4 Qc5 14. Nb3 Qh5 15. h3 Nb6 16. g4 Bxg4 17. hxg4 Nxg4 18. Ne3 Ne5 19. Qe2 Qg5 20. Rad1 Rfe8 21. Rf1 Qf4 22. Nc5 h6 23. Nd3 Nxd3 24. Rxd3 Re6 25. Qg4 Qe5 26. Rfd1 g6 27. Rd8+ Rxd8 28. Rxd8+ Kh7 29. Qe2 Rf6 30. Rd1 Na4 31. Nc4 Qg5 32. Qe3 Qh5 33. Rf1 Nc5 34. f4 Ne6 35. e5 Rf5 36. Nd6 Rxf4 37. Rxf4 Nxf4 38. Qxf4 Qd1+ 39. Bf1 f5 40. exf6 Qd5 1-0

[Event "Kiev Malakhatko Memorial"]
[Site "Kiev"]
[Date "2023.07.15"]
[Round "13"]
[White "Andriienko, Artom"]
[Black "Domin, Yan"]
[Result "0-1"]
[WhiteElo "1848"]
[BlackElo "1951"]
[PlyCount "108"]
[EventDate "2023.07.15"]
[EventType "tourn (blitz)"]
[EventRounds "15"]
[EventCountry "UKR"]
[SourceTitle "CBM 215 Extra"]
[Source "ChessBase"]
[SourceDate "2023.09.30"]
[SourceVersion "1"]
[SourceVersionDate "2023.09.30"]
[SourceQuality "1"]

1. Nf3 Nf6 2. c4 g6 3. d4 Bg7 4. g3 0-0 5. Bg2 d6 6. 0-0 Nbd7 7. Nc3 e5 8. h3 Re8 9. Re1 c6 10. b3 e4 11. Nd2 d5 12. Nf1 Nf8 13. Bf4 Nh5 14. Be3 f5 15. Rc1 Nf6 16. cxd5 Nxd5 17. Nxd5 Qxd5 18. Qd2 Be6 19. Qb4 b6 20. Red1 Nd7 21. Bf4 Bf8 22. Qc4 Qxc4 23. bxc4 Bf7 24. Ne3 b5 25. d5 cxd5 26. cxd5 Rac8 27. g4 fxg4 28. hxg4 Bc5 29. Bh3 Bb6 30. g5 Rxc1 31. Rxc1 Nc5 32. d6 Rd8 33. Rd1 Kf8 34. Be5 Bxa2 35. Bf6 Rd7 36. Bxd7 Nxd7 37. Be7+ Kf7 38. Rd2 Be6 39. Nd5 Bc5 40. Nc7 b4 41. Nxe6 Kxe6 42. Rb2 a5 43. Ra2 Bb6 44. Rb2 Ne5 45. Kf1 Nc4 46. Rc2 Ne5 47. Ke1 b3 48. Rb2 a4 49. Kd1 Bd4 50. Rb1 Nc4 51. Kc1 b2+ 52. Kd1 a3 53. Kc2 a2 54. Rd1 a1Q 0-1

[Event "Kiev Spring op"]
[Site "Kiev"]
[Date "2023.03.27"]
[Round "3"]
[White "Goreskul, Alyona"]
[Black "Andriienko, Artom"]
[Result "0-1"]
[WhiteElo "2193"]
[BlackElo "1783"]
[PlyCount "112"]
[EventDate "2023.03.25"]
[EventType "swiss"]
[EventRounds "9"]
[EventCountry "UKR"]
[SourceTitle "EXT 2024"]
[Source "ChessBase"]
[SourceDate "2023.10.10"]
[SourceVersion "1"]
[SourceVersionDate "2023.10.10"]
[SourceQuality "1"]

1. e4 c5 2. c3 Nf6 3. e5 Nd5 4. g3 d6 5. exd6 Qxd6 6. Bg2 Nc6 7. Ne2 Bf5 8. d4 e6 9. 0-0 Rd8 10. Na3 Qd7 11. Nc4 Be7 12. Ne3 Nxe3 13. Bxe3 Qc8 14. Qa4 Bd3 15. Rfe1 b5 16. Qd1 Bc4 17. Qc2 0-0 18. Rad1 Bd5 19. Be4 h6 20. Nf4 Bxe4 21. Qxe4 cxd4 22. cxd4 Nb4 23. Rc1 Qa6 24. a3 Nd5 25. Nd3 Bf6 26. Nc5 Qb6 27. Re2 a5 28. Rec2 Qa7 29. Nd3 b4 30. Rc4 bxa3 31. bxa3 Qa8 32. Qg4 Kh7 33. Nc5 Be7 34. Qe4+ g6 35. Rb1 Rb8 36. Nd7 Rxb1+ 37. Qxb1 Rd8 38. Ne5 Rb8 39. Qd3 Kg7 40. Nc6 Rb7 41. h4 Qa6 42. Ne5 Nb6 43. Rc3 Qxd3 44. Rxd3 a4 45. Bd2 f6 46. Nc6 Bf8 47. Nd8 Re7 48. Bb4 Re8 49. Nb7 Bxb4 50. axb4 Ra8 51. Na5 Nd5 52. Ra3 Nxb4 53. Nb7 Nc2 54. Ra2 a3 55. Nc5 Nb4 56. Ra1 a2 0-1

[Event "FIDE Disabilities Olym"]
[Site "Belgrade"]
[Date "2023.02.01"]
[Round "?"]
[White "Andriienko, Artom"]
[Black "Monterrey, Henry"]
[Result "1-0"]
[WhiteElo "1693"]
[BlackElo "1759"]
[PlyCount "55"]
[EventDate "2023.01.30"]
[EventType "team-swiss"]
[EventRounds "6"]
[EventCountry "SRB"]
[SourceTitle "CBM 212 Extra"]
[Source "ChessBase"]
[SourceDate "2023.03.31"]
[SourceVersion "1"]
[SourceVersionDate "2023.03.31"]
[SourceQuality "1"]
[WhiteTeam "IPCA"]
[BlackTeam "Venezuela"]
[BlackTeamCountry "VEN"]

1. d4 Nf6 2. c4 g6 3. Nc3 Bg7 4. Nf3 0-0 5. g3 d6 6. Bg2 c6 7. 0-0 Nbd7 8. e4 e5 9. d5 cxd5 10. cxd5 a6 11. Ne1 Ne8 12. Nd3 f5 13. f4 exf4 14. Nxf4 Ne5 15. Ne6 Bxe6 16. dxe6 Qb6+ 17. Kh1 Ng4 18. Qe2 Bd4 19. e7 Rf7 20. exf5 Nf2+ 21. Rxf2 Bxf2 22. Bd5 Nc7 23. Bh6 Re8 24. fxg6 Nxd5 25. gxf7+ Kxf7 26. Qh5+ Ke6 27. Qxd5+ Kd7 28. Qf5+ 1-0

[Event "Odesa Chess Day Blitz"]
[Site "Chess.com INT"]
[Date "2022.07.20"]
[Round "7"]
[White "Andriienko, Artom"]
[Black "Chernomordik, Pavel"]
[Result "1-0"]
[WhiteElo "1588"]
[BlackElo "2197"]
[PlyCount "99"]
[EventDate "2022.07.20"]
[EventType "swiss (blitz)"]
[EventRounds "9"]
[EventCountry "UKR"]
[SourceTitle "CBM 209 Extra"]
[Source "ChessBase"]
[SourceDate "2022.09.30"]
[SourceVersion "1"]
[SourceVersionDate "2022.09.30"]
[SourceQuality "1"]

1. Nf3 g6 2. d4 Bg7 3. c4 d6 4. Nc3 Nc6 5. g3 e5 6. e3 Bg4 7. d5 Nce7 8. Bg2 Qc8 9. h3 Bd7 10. b4 a5 11. b5 b6 12. h4 h6 13. h5 Bg4 14. hxg6 Nxg6 15. e4 N8e7 16. Be3 f5 17. Qd2 Bxf3 18. Bxf3 f4 19. gxf4 exf4 20. Bd4 Ne5 21. Bh5+ Kf8 22. a4 Nxc4 23. Qxf4+ Nf5 24. Bxg7+ Kxg7 25. Rg1+ Kf8 26. 0-0-0 Ne5 27. Bg6 Qd7 28. Bxf5 Qf7 29. Qg3 Qf6 30. Kc2 Ke7 31. Qg7+ Qxg7 32. Rxg7+ Kf6 33. Rdg1 h5 34. f4 Ng4 35. Rxc7 Ne3+ 36. Kd3 Nxf5 37. exf5 Rhg8 38. Rxg8 Rxg8 39. Ne4+ Kxf5 40. Rf7+ Kg6 41. Rf6+ Kg7 42. Rxd6 h4 43. f5 Rh8 44. Rg6+ Kf7 45. Ng5+ Ke7 46. f6+ Kf8 47. f7 h3 48. Re6 Kg7 49. Re8 h2 50. Rxh8 1-0

[Event "Krakow op-C"]
[Site "Krakow"]
[Date "2022.07.01"]
[Round "8"]
[White "Andriienko, Artom"]
[Black "Jaromin, Maciej"]
[Result "1-0"]
[WhiteElo "1588"]
[BlackElo "1479"]
[PlyCount "47"]
[EventDate "2022.06.25"]
[EventType "swiss"]
[EventRounds "9"]
[EventCountry "POL"]
[SourceTitle "EXT 2023"]
[Source "ChessBase"]
[SourceDate "2022.10.05"]
[SourceVersion "1"]
[SourceVersionDate "2022.10.05"]
[SourceQuality "1"]

1. d4 Nf6 2. Nf3 d5 3. e3 Bf5 4. c4 e6 5. Nc3 c5 6. cxd5 exd5 7. Qb3 b6 8. Bb5+ Bd7 9. dxc5 Bxc5 10. 0-0 0-0 11. Bxd7 Qxd7 12. Rd1 Rd8 13. e4 d4 14. Bg5 Re8 15. Bxf6 gxf6 16. Nd5 Kg7 17. Re1 Nc6 18. Nh4 Re5 19. Qf3 Rxd5 20. exd5 Ne5 21. Qf4 Qxd5 22. Nf5+ Kg6 23. Ng3 Qd7 24. Qe4+ 1-0